| 000 | 00852nas a2200265 4500 | ||
|---|---|---|---|
| 001 | BR0301537 | ||
| 003 | BR-BrBNA | ||
| 005 | 20231205103632.0 | ||
| 007 | ta | ||
| 008 | 230509b bl.|||p| |||| 00| 00por d | ||
| 040 |
_aBR-BrBNA _bpor _cBiblioteca Nacional de Agricultura |
||
| 041 | _a(Pt) | ||
| 072 | _aQ04 | ||
| 100 | 1 | _aMotta, S. da | |
| 100 | 1 | _aSilvestre, M.P.C. | |
| 245 | 1 | _aEmprego de cromatografia líquida de alta eficiência hidrofílica na determinação dos aminoácidos de hidrolisados de caseína | |
| 650 | _aCASEÍNA | ||
| 650 | _aHIDRÓLISE | ||
| 650 | _aAMINOÁCIDO | ||
| 650 | _aCROMATOGRAFIA | ||
| 650 | _aVALOR NUTRITIVO | ||
| 773 | 0 |
_tCiência e Tecnologia de Alimentos (Brazil) _xISSN 0101-2061 _g(Sep-Dec 2002), v. 22(3) p. 229-232 _wBR0301537 |
|
| 909 |
_a202311 _bLúcia _c55 _dLúcia Elande |
||
| 942 |
_2AGRIS _n0 _cANA |
||
| 999 |
_c173931 _d173931 |
||